000 00851nam a2200229 a 4500
001 BRCA_2617
005 20190320203907.0
008 281108s1913----enka---###---#000-0#eng-#
050 4 _aNE628
_b.H56 1913
100 1 _aHind, Arthur Mayger
_97463
245 1 0 _aList of the works of native and foreign line-engravers in England
_bfrom Henry VIII to the Commonwealth
_cby A.M. Hind.
260 _aLondon
_bChiswick
_c1913
300 _a127 p.
_bil.
_c29 cm.
500 _aDepartment of Prints and Drawings, British Museum Reimpresion de: Early engravers and engraving in England por Sidney Colvin. 1905
500 _aA87
650 1 4 _aGrabadores
_97352
650 1 4 _aGrabados
_zInglaterra
_97396
650 1 4 _aGalerias y Museos
_zInglaterra
_97464
710 2 _aBritish Museum
_bDepartment of Prints and Drawings
_97465
902 _aGFM
942 _2lcc
_cB
999 _c2357
_d2357